[Event "Australian Masters"]
[Site "Melbourne AUS"]
[Date "2004.08.08"]
[Round "6"]
[White "Lim Yee Weng"]
[Black "Johansen,D"]
[Result "0-1"]
[WhiteElo "2322"]
[BlackElo "2483"]

1.e4 e6 2.d4 d5 3.Nd2 Nc6 4.Ngf3 Nf6 5.e5 Nd7 6.c3 f6 7.Bb5 Be7 8.O-O O-O
9.Re1 f5 10.c4 dxc4 11.Nxc4 Nb4 12.Ba4 Nb6 13.Nxb6 axb6 14.Bb3 c6 15.Bd2 Na6
16.Qc1 Nc7 17.Rd1 h6 18.a3 Bd7 19.Bc3 Be8 20.Rd3 Bh5 21.Kh1 Qd7 22.Bd2 Kh7
23.Ng1 Qe8 24.Nh3 g5 25.Bd1 Bxd1 26.Qxd1 Nd5 27.Ng1 Qg6 28.Be1 Rad8 29.Qb3 f4
30.Rad1 Rf7 31.Ne2 b5 32.Nc3 g4 33.Nxd5 Rxd5 34.Bb4 Bxb4 35.axb4 Qf5 36.Qc2 Rfd7
37.Qc3 h5 38.R3d2 Kh6 39.Kg1 Rd8 40.f3 Rg8 41.Rf1 g3 42.h3 Ra8 43.Rdd1 Qf8
44.Ra1 Rxa1 45.Rxa1 Qd8 46.Rd1 Rxe5 47.d5 Qd6 48.Qd4 Kg6 49.Qd3+ Kg7 50.Qc3 exd5
51.Re1  0-1

[Event "ch-GBR"]
[Site "Scarborough ENG"]
[Date "2004.08.09"]
[Round "7"]
[White "Adams,D"]
[Black "Rendle,T"]
[Result "0-1"]
[WhiteElo "2180"]
[BlackElo "2258"]

1.e4 e6 2.d4 d5 3.Nd2 Be7 4.Bd3 c5 5.dxc5 Nf6 6.Qe2 Nc6 7.Ngf3 Nb4 8.Nb3 Nxd3+
9.cxd3 a5 10.Bg5 a4 11.Nbd2 h6 12.Bxf6 Bxf6 13.exd5 a3 14.d4 O-O 15.d6 axb2
16.Rb1 b6 17.Ne4 bxc5 18.Nxf6+ Qxf6 19.Qe5 cxd4 20.Rxb2 Qxe5+ 21.Nxe5 f6
22.Nc6 Ra6 23.Nxd4 Rxd6 24.Nb3 Ba6 25.f3 Bc4 26.Kf2 Ra8 27.Rc1 Bd5 28.Kg3 Rda6
29.Rcc2 Ra3 30.Kf2 g5 31.Ke3 Kg7 32.Kf2 Kg6 33.Nc1 h5 34.h3 R8a4 35.Rd2 g4
36.hxg4 hxg4 37.Nb3 f5 38.Nc5 Rc4 39.Nd7 Rf4 40.Kg3 Rfa4 41.Nb6 gxf3 42.Nxa4 fxg2+
43.Kh2 Rxa4 44.Rxd5 exd5 45.Kxg2 Kf6 46.Kf3 Ke5 47.Re2+ Re4 48.Rb2 Rf4+ 49.Ke3 Ra4
50.Kf3 Ra3+ 51.Kf2 Ke4 52.Re2+ Kf4 53.Rd2 Ke4 54.Re2+ Kd4 55.Rd2+ Kc4 56.Rc2+ Kd3
57.Rb2 d4 58.Kf3 Kc3 59.Rf2 d3 60.Ke3 Ra5  0-1

[Event "HZ Open"]
[Site "Vlissingen NED"]
[Date "2004.08.09"]
[Round "4"]
[White "Schiffers,S"]
[Black "Sparreboom,W"]
[Result "0-1"]
[WhiteElo "2210"]
[BlackElo "2035"]

1.e4 e6 2.d4 d5 3.Nd2 a6 4.c3 c5 5.Ne2 Nc6 6.g3 cxd4 7.cxd4 Bb4 8.a3 Bxd2+
9.Bxd2 dxe4 10.Be3 Nf6 11.Bg2 Qa5+ 12.Nc3 O-O 13.O-O Rd8 14.Nxe4 Nxe4 15.Bxe4 Qb5
16.a4 Qb4 17.Qh5 f5 18.Bg2 Bd7 19.d5 Be8 20.Qh3 exd5 21.Qxf5 d4 22.Bg5 Bg6
23.Qe6+ Bf7 24.Qg4 Re8 25.Rfd1 Be6 26.Qh4 Bb3 27.Rf1 Ne5 28.Ra3 Ng6 29.Qh5 Re5
30.f4 Re1 31.Qf3 Rxf1+ 32.Bxf1 Bf7 33.f5 Ne5 34.Qf2 Re8 35.Bf4 Ng4 36.Qd2 Qc5
37.Rd3 Rd8 38.h3 Nf6 39.Kh2 Bc4 40.Rf3 Bxf1 41.Rxf1 Qc4 42.Re1 Qxa4 43.Qd1 Qb4
44.Qd2 Qb5 45.Be5 d3 46.b4 Rc8 47.Bc3 Qxf5 48.Re3 Rxc3  0-1

[Event "ch-GBR"]
[Site "Scarborough ENG"]
[Date "2004.08.12"]
[Round "10"]
[White "Jones,G"]
[Black "Williams,Si"]
[Result "0-1"]
[WhiteElo "2453"]
[BlackElo "2427"]

1.e4 e6 2.d4 d5 3.Nd2 Nc6 4.Ngf3 Nf6 5.e5 Nd7 6.c4 dxc4 7.Bxc4 Nb6 8.Bb5 Qd5
9.Bxc6+ Qxc6 10.O-O h6 11.Re1 Nd5 12.Ne4 b6 13.Bd2 Bb7 14.Rc1 Qd7 15.a3 O-O-O
16.b4 Kb8 17.Qb3 f5 18.exf6 gxf6 19.Qd3 Rg8 20.Qe2 Re8 21.Ng3 Qg7 22.Nh4 Bd6
23.Nhf5 exf5 24.Qxe8+ Rxe8 25.Rxe8+ Bc8 26.Nxf5 Qd7 27.Nxd6 Qxd6 28.Bxh6 Kb7
29.Ree1 Bd7 30.Rc2 Bb5 31.h4 Qd7 32.Rec1 Qh7 33.Be3 Qxh4 34.g3 Qe4 35.Bf4 c6
36.Bd6 Qf3 37.a4 Bxa4 38.Ra2 Nc3  0-1

[Event "52nd ch-HUN w"]
[Site "Budapest HUN"]
[Date "2004.08.19"]
[Round "1"]
[White "Medvegy,N"]
[Black "Goczo,M"]
[Result "1-0"]
[WhiteElo "2407"]
[BlackElo "2248"]

1.e4 e6 2.d4 d5 3.Nd2 Be7 4.Bd3 c5 5.dxc5 Nf6 6.Qe2 Nc6 7.Ngf3 O-O 8.O-O Bxc5
9.e5 Nd7 10.Nb3 Be7 11.c3 b6 12.Nbd4 Bb7 13.Nxc6 Bxc6 14.Nd4 Bb7 15.Bc2 Qc8
16.Re1 Re8 17.Qg4 Bf8 18.Qh3 g6 19.Bh6 Bc5 20.Ba4 a6 21.Bxd7 Qxd7 22.Qh4 Rac8
23.Re3 f5 24.g4 Be7 25.Qh3 Kh8 26.gxf5 gxf5 27.Qh5 Rg8+ 28.Rg3 Rxg3+ 29.hxg3 Rg8
30.Qf7 Bc8 31.Kg2 Bd8 32.Qh5 Qe8 33.Qe2 Qg6 34.Rh1 Bb7 35.Bf4 Bc8 36.Rh6 Qf7
37.Qd1 Rg6 38.Rh5 Bd7 39.Qe2 Rg4 40.Rh3 b5 41.a3 Bc7 42.Qe3 Qg7 43.Kf1 Qe7
44.Nf3 b4 45.axb4 Bb5+ 46.Ke1 Qd8 47.Bg5 Qb8 48.Bf6+ Kg8 49.Qh6  1-0

[Event "14th Open"]
[Site "Abu Dhabi UAE"]
[Date "2004.08.20"]
[Round "6"]
[White "Mahjoob,M"]
[Black "Chernyshov,K"]
[Result "1-0"]
[WhiteElo "2461"]
[BlackElo "2585"]

1.e4 e6 2.d4 d5 3.Nd2 Be7 4.Bd3 dxe4 5.Nxe4 Nf6 6.Nf3 Nxe4 7.Bxe4 Nd7 8.Qe2 Nf6
9.Bxb7 Bxb7 10.Qb5+ Qd7 11.Qxb7 O-O 12.Qa6 c5 13.dxc5 Bxc5 14.O-O Rab8 15.Qe2 Rfe8
16.b3 e5 17.Be3 Bf8 18.Rfd1 Qc7 19.c4 Ng4 20.h3 Nxe3 21.Qxe3 f5 22.Qd3 g6
23.Qd5+ Kh8 24.Ng5 Rb6 25.Qd7 Qxd7 26.Rxd7 h6 27.Nf7+ Kg8 28.Rad1 e4 29.Nd6 Re5
30.Rd8 f4 31.Rd4 Ra5 32.Nxe4 Rxa2 33.Nc5 g5 34.Nd7 Rxb3 35.Rxf8+ Kg7 36.Re4 Rb1+
37.Kh2 Raa1 38.Re7+ Kg6 39.Rf6+ Kh5 40.g4+ fxg3+ 41.Kxg3 Rh1 42.Ree6 Rag1+
43.Kf3 Rxh3+ 44.Ke2 Rb3 45.Rxh6+ Kg4 46.Ne5+  1-0

[Event "Open"]
[Site "Vladimir RUS"]
[Date "2004.08.20"]
[Round "3"]
[White "Molkova,O"]
[Black "Belenov,D"]
[Result "1/2-1/2"]
[WhiteElo "2131"]
[BlackElo "2383"]

1.e4 e6 2.d4 d5 3.Nd2 Be7 4.Ngf3 Nf6 5.e5 Nfd7 6.Bd3 c5 7.c3 Nc6 8.O-O a5
9.Re1 cxd4 10.cxd4 Qb6 11.a3 Nxd4 12.Nxd4 Qxd4 13.Nf3 Qb6 14.Bg5 h6 15.Bf4 Nc5
16.Be3 Qd8 17.Bc2 Bd7 18.Nd4 Qb8 19.f4 b5 20.Rc1 Qb7 21.Qg4 g6 22.Bxg6 Rg8
23.Bxf7+ Kxf7 24.Qh5+ Rg6 25.f5 exf5 26.Nxf5 d4 27.Nd6+ Bxd6 28.Rf1+ Bf5
29.Rxf5+ Kg7 30.Bg5 Bf8 31.Rf6 Qxg2+ 32.Kxg2 Rxg5+ 33.Qxg5+ hxg5 34.Rxf8 Rxf8
35.Rxc5 Rd8 36.Kf1 d3 37.Ke1 Rh8 38.Rxb5 Rxh2 39.Rxa5 Rxb2 40.Rd5 Re2+ 41.Kf1 Kg6
42.Rxd3 Rxe5 43.a4 Kf5 44.Rd4 g4 45.Kf2 Kg5 46.Rd8 Rf5+  1/2-1/2

[Event "ch-CAN"]
[Site "Toronto CAN"]
[Date "2004.08.22"]
[Round "3"]
[White "Davies,L"]
[Black "Hamilton,R"]
[Result "0-1"]
[WhiteElo "2112"]
[BlackElo "2349"]

1.e4 e6 2.d4 d5 3.Nd2 Be7 4.Ngf3 Nf6 5.e5 Ne4 6.Bd3 Nxd2 7.Nxd2 c5 8.c3 Nc6
9.Qg4 cxd4 10.cxd4 O-O 11.Nf3 f5 12.exf6 Bxf6 13.Bg5 e5 14.Qh5 e4 15.Bb1 g6
16.Qh6 exf3 17.Bxg6 Qe7+  0-1

[Event "ch-CAN"]
[Site "Toronto CAN"]
[Date "2004.08.22"]
[Round "3"]
[White "McTavish,D"]
[Black "Golts,R"]
[Result "1-0"]
[WhiteElo "2217"]
[BlackElo "2216"]

1.e4 e6 2.d4 d5 3.Nd2 Be7 4.Bd3 dxe4 5.Nxe4 Nf6 6.Nf3 Nxe4 7.Bxe4 c5 8.Be3 f5
9.Bd3 O-O 10.dxc5 Nc6 11.Bc4 Qa5+ 12.c3 Bxc5 13.Bxc5 Qxc5 14.Qe2 Kh8 15.O-O-O Na5
16.Rd4 Nxc4 17.Qxc4 Qxc4 18.Rxc4 Bd7 19.Ne5 Bb5 20.Rc7 Ba6 21.Rd1 Rac8 22.Re7 Rfe8
23.Rdd7 Rxe7 24.Rxe7 Kg8 25.Rxe6 Bc4 26.Re7 Bd5 27.f3 a5 28.Rd7 Bxa2 29.Rxb7 a4
30.Kd2 Rd8+ 31.Ke3 g5 32.g3 Rd1 33.Nd7 Rb1 34.Nf6+ Kf8 35.Nxh7+ Ke8 36.Nf6+ Kf8
37.Nd7+ Ke8 38.Nc5 Bb3 39.Nd3 Bc4 40.Rb4 Bb3 41.h4 f4+ 42.gxf4 gxh4 43.f5 h3
44.Rh4 Bc2 45.Rxh3 Bxd3 46.Kxd3 Rxb2 47.Rh4 a3 48.Ra4 a2 49.Ra7 Rf2 50.Ke4 Re2+
51.Kd5 Re3 52.c4 Rxf3 53.Ke6 Re3+ 54.Kf6 Re2 55.Ra8+ Kd7 56.Kg7 Rg2+ 57.Kf7 Kd6
58.Ra5 Rg5 59.Ra6+ Kc5 60.f6 Rg2 61.Ra4 Rf2 62.Ke7 Re2+ 63.Kf8 Rf2 64.f7 Kd4
65.Ke7 Re2+ 66.Kd6 Rf2 67.c5+ Kc3 68.Rxa2 Rxf7 69.c6 Rf6+ 70.Kd7 Rf7+ 71.Kc8 Kc4
72.Ra5  1-0

[Event "52nd ch-HUN w"]
[Site "Budapest HUN"]
[Date "2004.08.23"]
[Round "5"]
[White "Gara,T"]
[Black "Toth,Li"]
[Result "1-0"]
[WhiteElo "2291"]
[BlackElo "2208"]

1.e4 e6 2.d4 d5 3.Nd2 Be7 4.e5 c5 5.Qg4 Kf8 6.dxc5 Nc6 7.Ngf3 h5 8.Qg3 h4
9.Qf4 g5 10.Qe3 Nh6 11.Bd3 Ng4 12.Qe2 Bxc5 13.Rf1 f6 14.exf6 e5 15.Nb3 e4
16.Nxc5 Qa5+ 17.Qd2 Qxc5 18.Qxg5 Rg8 19.Qh5 exd3 20.Ng5 Rxg5 21.Qxg5 Qb4+
22.c3 Qe4+ 23.Be3 Nge5 24.O-O-O d2+ 25.Rxd2 Be6 26.Re1 Ke8 27.f3 Nd3+ 28.Rxd3 Qxd3
29.Bc5 Kd8 30.Qg7  1-0

[Event "XVI Open"]
[Site "Porto San Giorgio ITA"]
[Date "2004.08.23"]
[Round "3"]
[White "Cioara,A"]
[Black "Farago,I"]
[Result "1/2-1/2"]
[WhiteElo "2373"]
[BlackElo "2472"]

1.e4 e6 2.d4 d5 3.Nd2 Be7 4.e5 c5 5.Qg4 Kf8 6.dxc5 Nc6 7.Ngf3 h5 8.Qf4 g5
9.Qe3 Nh6 10.Bd3 Ng4 11.Qe2 Bxc5 12.Nb3 Bxf2+ 13.Kd1 Qb6  1/2-1/2

[Event "ch-FRA w"]
[Site "Val d'Isere FRA"]
[Date "2004.08.24"]
[Round "9"]
[White "Cochet,C"]
[Black "Congiu,M"]
[Result "1-0"]
[WhiteElo "2071"]
[BlackElo "2105"]

1.e4 e6 2.d4 d5 3.Nd2 Nc6 4.c3 e5 5.dxe5 dxe4 6.Qa4 e3 7.fxe3 g6 8.Bb5 Bd7
9.e6 fxe6 10.Ngf3 Bg7 11.Nd4 Nxd4 12.exd4 c6 13.Bd3 c5 14.Qc4 cxd4 15.Ne4 Qb6
16.Bf4 e5 17.Ng5 Nh6 18.Bd2 Rc8 19.Qd5 Rc5 20.Qf3 Rc6 21.O-O Rf6 22.Qe4 Rxf1+
23.Rxf1 Bf5 24.Qe2 O-O 25.Bc4+ Kh8 26.Kh1 Qxb2 27.Ne6 dxc3 28.Bxh6 Bxh6 29.Qxe5+  1-0

[Event "52nd ch-HUN w"]
[Site "Budapest HUN"]
[Date "2004.08.25"]
[Round "7"]
[White "Lakos,N"]
[Black "Toth,Li"]
[Result "1/2-1/2"]
[WhiteElo "2350"]
[BlackElo "2208"]

1.e4 e6 2.d4 d5 3.Nd2 Be7 4.Bd3 c5 5.dxc5 Nf6 6.Qe2 O-O 7.Ngf3 a5 8.O-O Na6
9.e5 Nd7 10.c3 Naxc5 11.Bb5 a4 12.c4 Qc7 13.Re1 Nb6 14.cxd5 Nxd5 15.Ne4 Bd7
16.Bxd7 Qxd7 17.Bg5 Nxe4 18.Qxe4 h6 19.Bxe7 Qxe7 20.a3 Rfc8 21.Rac1 Rc7 22.Rc2 Qd7
23.Rec1 Rac8 24.g3 Nb6 25.Rxc7 Rxc7 26.Rxc7 Qxc7 27.Qb4  1/2-1/2

[Event "2nd Misr Closed"]
[Site "Ismailia EGY"]
[Date "2004.08.25"]
[Round "11"]
[White "Karpatchev,A"]
[Black "Abdel Razik,K"]
[Result "1-0"]
[WhiteElo "2484"]
[BlackElo "2410"]

1.e4 e6 2.d4 d5 3.Nd2 Be7 4.Bd3 c5 5.dxc5 Nf6 6.Qe2 O-O 7.Ngf3 a5 8.a4 Na6
9.e5 Nd7 10.Nb3 Ndxc5 11.Nbd4 Nxd3+ 12.cxd3 Nc5 13.O-O Bd7 14.b3 f5 15.Ba3 b6
16.Rfc1 h6 17.Rc3 Qe8 18.Qc2 Rf7 19.Ne2 g5 20.Nd2 Qb8 21.d4 Na6 22.Bxe7 Rxe7
23.Rc1 Kg7 24.Rg3 Kh7 25.f4 Rg7 26.fxg5 Rxg5 27.Nf3 Rxg3 28.Nxg3 Qe8 29.Qe2 Rc8
30.Rxc8 Bxc8 31.Nh4 Nb4 32.Nh5 Qc6 33.Nf6+ Kg7 34.Qe3 Ba6 35.Qg3+  1-0

[Event "ch-CAN"]
[Site "Toronto CAN"]
[Date "2004.08.28"]
[Round "8"]
[White "Golts,R"]
[Black "Southam,D"]
[Result "1-0"]
[WhiteElo "2216"]
[BlackElo "2131"]

1.d4 e6 2.e4 d5 3.Nd2 Nc6 4.c3 e5 5.exd5 Qxd5 6.Ngf3 exd4 7.Bc4 Qf5 8.cxd4 Be6
9.O-O O-O-O 10.Qa4 Bd6 11.Bxe6+ fxe6 12.Nc4 Nf6 13.b4 Kb8 14.Nxd6 cxd6 15.b5 Ne7
16.Ba3 Nc8 17.Rac1 Qd5 18.Bb4 g5 19.Ba5 b6 20.Bb4 Ne4 21.Rfd1 Rhf8 22.Qc2 Rf7
23.Ne5 dxe5 24.dxe5 Qxd1+ 25.Rxd1 Rxd1+ 26.Qxd1 Nxf2 27.Bd6+  1-0

[Event "4th Botvinnik Mem B"]
[Site "Satka RUS"]
[Date "2004.08.29"]
[Round "3"]
[White "Liberzon,R"]
[Black "Gumerov,R"]
[Result "0-1"]
[WhiteElo "2233"]
[BlackElo "2320"]

1.e4 e6 2.d4 d5 3.Nd2 Nc6 4.Ngf3 Nf6 5.e5 Ng8 6.c3 Qd7 7.Bd3 b6 8.O-O Bb7
9.b4 a5 10.b5 Na7 11.a4 f5 12.exf6 gxf6 13.Re1 O-O-O 14.Qe2 Re8 15.Bf5 Kb8
16.Bxe6 Qg7 17.Qd3 Bd6 18.Nf1 Ne7 19.Ba3 Bxa3 20.Rxa3 Bc8 21.Bxc8 Naxc8 22.Raa1 Nd6
23.Ne3 h5 24.Nh4 Reg8 25.g3 Qg5 26.Neg2 Nef5 27.Nxf5 Nxf5 28.Qf3 h4 29.Ne3 hxg3
30.fxg3 Nd6 31.Qxd5 f5 32.Ra2 Rxh2 33.Rxh2 Qxg3+ 34.Ng2 Qxe1+  0-1

[Event "4th Botvinnik Mem B"]
[Site "Satka RUS"]
[Date "2004.09.02"]
[Round "9"]
[White "Khropov,B"]
[Black "Gumerov,R"]
[Result "0-1"]
[WhiteElo "2286"]
[BlackElo "2320"]

1.e4 e6 2.d4 d5 3.Nd2 Nc6 4.c3 Nf6 5.e5 Ng8 6.Ngf3 Qd7 7.Bd3 b6 8.Qe2 Bb7
9.Ba6 Bxa6 10.Qxa6 f5 11.exf6 gxf6 12.O-O Bd6 13.Re1 Nge7 14.Nf1 O-O 15.Bh6 Rf7
16.Ng3 e5 17.dxe5 fxe5 18.Rad1 Kh8 19.Qa4 Rg8 20.Be3 Rg4 21.Qc2 e4 22.Ng5 Rg7
23.c4 d4 24.N5xe4 dxe3 25.Rxe3 Nf5 26.Ree1 Nfd4 27.Qa4 Qf7 28.Nxd6 cxd6 29.Rd2 h5
30.f3 Rf4 31.Kh1 h4 32.Ne2 Rxf3 33.Ng1 Rf2 34.Qd1 Rgxg2  0-1

[Event "FSGM September"]
[Site "Budapest HUN"]
[Date "2004.09.07"]
[Round "4"]
[White "Lukin,A"]
[Black "Erdos,V"]
[Result "1/2-1/2"]
[WhiteElo "2417"]
[BlackElo "2454"]

1.e4 e6 2.d4 d5 3.Nd2 Be7 4.e5 c5 5.Qg4 Kf8 6.dxc5 Nc6 7.Qg3 Bxc5 8.Ngf3 f6
9.Bd3 Bb6 10.exf6 Nxf6 11.Nb3 Bc7 12.Qg5 e5 13.Bb5 h6 14.Qe3 Kf7 15.Bd2 Re8
16.O-O-O Bb6 17.Qe1 e4 18.Ng1 Bg4 19.Ne2 a6 20.Bxc6 bxc6 21.h3 Bxe2 22.Qxe2 a5
23.a4 c5 24.Be3 d4 25.g4 Re5 26.h4 Qe8 27.Bf4 Re6 28.Qc4 Qc6 29.g5 Nd5 30.Bd2 h5
31.g6+ Kxg6  1/2-1/2

[Event "TCh-CRO w"]
[Site "Rabac CRO"]
[Date "2004.09.10"]
[Round "6"]
[White "Jelica,M"]
[Black "Dengler,D"]
[Result "0-1"]
[WhiteElo "2252"]
[BlackElo "2113"]

1.e4 e6 2.d4 d5 3.Nd2 a6 4.c3 c5 5.Ngf3 cxd4 6.Qa4+ Bd7 7.Qxd4 Nc6 8.Qe3 Be7
9.Bd3 Nf6 10.O-O Qc7 11.h3 h6 12.b3 g5 13.Bb2 g4 14.hxg4 Nxg4 15.Qe2 O-O-O
16.g3 h5 17.Nd4 Rdg8 18.Nxc6 Bxc6 19.c4 Bc5 20.Kh1 Rh6 21.Nf3 h4 22.Bc1 Rhh8
23.Bb2 f6 24.exd5 Nxf2+ 25.Rxf2 hxg3+ 26.Nh2 gxf2 27.Qxe6+ Bd7 28.Qxg8+ Rxg8  0-1

[Event "TCh-CRO"]
[Site "Rabac CRO"]
[Date "2004.09.10"]
[Round "6"]
[White "Sermek,D"]
[Black "Kovacevic,B"]
[Result "1/2-1/2"]
[WhiteElo "2547"]
[BlackElo "2478"]

1.e4 e6 2.d4 d5 3.Nd2 Be7 4.c3 dxe4 5.Nxe4 Bd7 6.Nf3 Bc6 7.Bd3 Nf6 8.Ned2 Nbd7
9.O-O O-O 10.Qe2 a5 11.Ne5 Nxe5 12.dxe5 Nd7 13.Bc2 Qb8 14.Nf3 Bxf3 15.Qd3 Be4
16.Qxe4 g6 17.Bh6 Rd8 18.h4 c6 19.Rfe1 Nc5 20.Qe3 Rd5 21.h5 Qe8 22.c4 Rd7
23.Qc3 b5 24.Rad1 b4 25.Qf3 Rxd1 26.Rxd1 Rd8 27.Rxd8 Bxd8 28.Be3 Be7 29.Bd4 Qd8
30.Qe3 Nd7 31.c5 Qc7 32.Ba4 Bf8 33.h6 Be7 34.g3 Bf8 35.Kg2 Nb8 36.g4 Qd7
37.g5 Qd5+ 38.Kg3 Qxa2 39.b3 Qc2 40.f4 Nd7 41.Bxc6 Nxc5 42.Bxc5 Bxc5 43.Qf3 Bg1
44.Bd7 Qh2+  1/2-1/2

[Event "TCh-CRO w"]
[Site "Rabac CRO"]
[Date "2004.09.12"]
[Round "8"]
[White "Medvegy,N"]
[Black "Dengler,D"]
[Result "0-1"]
[WhiteElo "2407"]
[BlackElo "2113"]

1.e4 e6 2.d4 d5 3.Nd2 Nc6 4.Ngf3 Nf6 5.e5 Nd7 6.Nb3 Be7 7.c3 a5 8.a4 b6 9.Bb5 Na7
10.Be2 c5 11.O-O Nc6 12.Bb5 Na7 13.Be2 Nc6 14.Be3 Bb7 15.Re1 h6 16.h3 Qc8
17.Rc1 Ba6 18.Bb5 Bxb5 19.axb5 Na7 20.c4 dxc4 21.Rxc4 Nxb5 22.dxc5 O-O 23.Qc1 bxc5
24.Bxh6 Rd8 25.Bxg7 Kxg7 26.Rg4+ Kf8 27.Qh6+ Ke8 28.Rg8+ Nf8 29.Ng5 Nd4 30.Qg7 Nf5
31.Qxf7+ Kd7 32.Rd1+ Kc6 33.Rc1 a4 34.Nxc5 Bxc5 35.g4 Nd4 36.Kg2 Ra7 37.Qf4 Kb6
38.Rc4 Qb7+ 39.Kg3 Ne2+  0-1

[Event "FSGM September"]
[Site "Budapest HUN"]
[Date "2004.09.16"]
[Round "13"]
[White "Lukin,A"]
[Black "Grafl,F"]
[Result "1/2-1/2"]
[WhiteElo "2417"]
[BlackElo "2411"]

1.e4 e6 2.d4 d5 3.Nd2 Be7 4.Bd3 c5 5.dxc5 Nf6 6.exd5 exd5 7.Ngf3 O-O 8.O-O Bxc5
9.Nb3 Bb6 10.h3 Nc6 11.Re1 a5 12.Be3 Bxe3  1/2-1/2

[Event "TCh-SCG Men"]
[Site "Budva SCG"]
[Date "2004.09.16"]
[Round "8"]
[White "Todorovic,GM"]
[Black "Drasko,M"]
[Result "1-0"]
[WhiteElo "2540"]
[BlackElo "2471"]

1.e4 e6 2.d4 d5 3.Nd2 Be7 4.e5 c5 5.Qg4 Kf8 6.dxc5 h5 7.Qe2 Nd7 8.Nb3 a5
9.Nf3 a4 10.Nbd4 Nxc5 11.a3 Nh6 12.c3 Bd7 13.h3 f6 14.Bf4 f5 15.h4 Nf7 16.g3 Qb6
17.Bg2 Qa6 18.Qxa6 Rxa6 19.O-O-O b5 20.Kb1 g6 21.Nc2 Ne4 22.Rhf1 Kg7 23.Nfd4 Ra7
24.Nb4 Rc8 25.Nxd5 exd5 26.e6 Be8 27.exf7 Bxf7 28.f3 Nc5 29.Rfe1 Bf8 30.Nxb5 Rd7
31.Nd4 Rb7 32.Bh3 Rb6 33.Ka2 Nb3 34.g4 fxg4 35.fxg4 hxg4 36.Bxg4 Rc4 37.Be5+ Kg8
38.h5 Nc5 39.Be2 gxh5 40.Rg1+ Kh7 41.Rdf1 Rb7 42.Nc6 Re4 43.Bxh5 Bxh5 44.Rxf8 Bg4
45.Rh8+ Kg6 46.Rg8+ Kh7 47.R8xg4  1-0

[Event "TCh-BEL 2004-5"]
[Site "Belgium BEL"]
[Date "2004.09.19"]
[Round "1"]
[White "Van den Brande,W"]
[Black "Marechal,A"]
[Result "1/2-1/2"]
[WhiteElo "2237"]
[BlackElo "2258"]

1.e4 e6 2.d4 d5 3.Nd2 Nc6 4.Ngf3 Nf6 5.e5 Nd7 6.Nb3 a5 7.a4 Be7 8.Bb5 O-O
9.Bf4 Ncb8 10.O-O b6 11.c3 Ba6 12.Bxa6 Nxa6 13.Nc1 c5 14.Qd2 Nc7 15.Bg5 Rb8
16.Bxe7 Qxe7 17.Nd3 c4 18.Nf4 b5 19.axb5 Rxb5 20.h4 Rfb8 21.Ra2 Rb3 22.Re1 a4
23.Nh5 g6 24.Ng3 a3 25.bxa3 Rxa3 26.Rxa3 Qxa3 27.h5 Qe7 28.Ra1 Ra8 29.Rxa8+ Nxa8
30.Qa2  1/2-1/2

[Event "ZAZ Cup"]
[Site "Zaporozhye UKR"]
[Date "2004.09.25"]
[Round "8"]
[White "Pavlov,Ma"]
[Black "Kagramanianz,V"]
[Result "1/2-1/2"]
[WhiteElo "2431"]
[BlackElo "2257"]

1.e4 e6 2.d4 d5 3.Nd2 Nc6 4.Ngf3 Nf6 5.e5 Nd7 6.Bb5 a5 7.O-O Be7 8.c3 Na7
9.Bd3 c5 10.Re1 b5 11.Nf1 h5 12.dxc5 Nxc5 13.Bc2 b4 14.Nd4 Bd7 15.Qf3 bxc3
16.bxc3 Ba4 17.Bb1 Nc6 18.Nxc6 Bxc6 19.Be3 Bb5 20.Bd4 Qc8 21.Ng3 g6 22.Ne2 Qa6
23.Nf4 Rg8 24.Bc2 Qc6 25.Rab1 Ba4 26.Bxa4 Nxa4 27.Nd3 Rc8 28.h3 Kf8 29.Rb3 Kg7
30.Reb1 Rc7 31.g4 hxg4 32.hxg4 g5 33.Kg2 Rh8 34.Qe3 Rh4 35.f3 Qe8 36.Nf2 Qh8
37.Rh1 Rxh1 38.Nxh1 Qh7 39.Ng3 Qc2+ 40.Kh3 Nb2 41.Nh5+ Kh6 42.Rb8 Nd1 43.Qe1 Qd3
44.Rh8+ Kg6 45.Rg8+ Kh6 46.Rh8+ Kg6 47.Rg8+ Kh6 48.Kg3 Nxc3 49.Nf6 Ne2+ 50.Qxe2 Qxe2
51.Rh8+ Kg6 52.Rg8+  1/2-1/2

[Event "1st Central League"]
[Site "Vrnjacka Banja SCG"]
[Date "2004.09.27"]
[Round "4"]
[White "Kojovic,D"]
[Black "Drasko,M"]
[Result "0-1"]
[WhiteElo "2340"]
[BlackElo "2471"]

1.e4 e6 2.d4 d5 3.Nd2 Be7 4.Ngf3 Nf6 5.Bd3 c5 6.dxc5 dxe4 7.Nxe4 Nxe4 8.Bxe4 Qxd1+
9.Kxd1 Bxc5 10.Ke2 Nd7 11.Be3 Bxe3 12.Kxe3 Nc5 13.c4 Nxe4 14.Kxe4 b6 15.Rhd1 Bb7+
16.Ke3 Ke7 17.Rd2 Rhd8 18.Rad1 Rxd2 19.Rxd2 Rc8 20.b3 Rc5 21.Rd1 Rf5 22.Ne1 g5
23.f3 h5 24.h3 g4 25.hxg4 hxg4 26.Kf2 a5 27.Kg3 gxf3 28.gxf3 Rg5+ 29.Kf2 Rh5
30.Kg3 e5 31.Nd3 Rg5+ 32.Kf2 Rf5 33.Ne1 e4 34.Rd2 exf3 35.Rd3 Rf4 36.a3 a4
37.bxa4 Rxc4 38.Rb3 Rd4 39.Rb2 Bd5 40.Ke3 Rxa4 41.Nd3 Rxa3 42.Kd4 Rb3 43.Rd2 Bb7
44.Ke5 Rxd3 45.Rxd3 f2 46.Rd1 Ba6  0-1

[Event "VIII Itau Cup"]
[Site "Sao Paulo BRA"]
[Date "2004.09.28"]
[Round "5"]
[White "Batista,Re2"]
[Black "Rodriguez,And URU"]
[Result "0-1"]
[WhiteElo "2261"]
[BlackElo "2567"]

1.e4 e6 2.d4 d5 3.Nd2 Be7 4.Ngf3 Nf6 5.Bd3 c5 6.exd5 Qxd5 7.Bc4 Qd6 8.dxc5 Qxc5
9.O-O O-O 10.Qe2 a6 11.Nb3 Qc7 12.a4 b6 13.Bg5 Bb7 14.Ne5 Bd6 15.Bxf6 gxf6
16.Bd3 Bxe5 17.Bxh7+ Kh8 18.Qh5 Rd8 19.f4 Bd6 20.Rad1 Kg7 21.Qg4+ Kxh7 22.Qh5+ Kg7
23.Rd3 Be4 24.Rh3 Kf8 25.f5 Qxc2 26.Qh6+ Ke7 27.Rf2 Bc5  0-1

[Event "Monarch Assurance"]
[Site "Port Erin IOM"]
[Date "2004.10.02"]
[Round "8"]
[White "Bannink,B"]
[Black "Williams,Si"]
[Result "0-1"]
[WhiteElo "2280"]
[BlackElo "2427"]

1.e4 e6 2.d4 d5 3.Nd2 Be7 4.e5 Nh6 5.Ndf3 c5 6.dxc5 Bxc5 7.Bxh6 gxh6 8.Qd2 Nc6
9.a3 Bf8 10.Bb5 Bg7 11.Ne2 f6 12.Nfd4 O-O 13.Bxc6 bxc6 14.exf6 Qxf6 15.O-O e5
16.Nb3 Qg6 17.Nc5 h5 18.c3 h4 19.Kh1 h3 20.gxh3 Qh5 21.f4 Bxh3 22.Rf2 Bg4
23.Ng3 Qh3 24.Nd3 e4 25.Ne1 Rf6 26.Qe3 Raf8 27.f5 Bxf5 28.Ng2 Bg4 29.Rxf6 Rxf6
30.Qxa7 Bf3 31.Rg1 Qxg3 32.Qa8+ Bf8 33.Qa6 Rh6  0-1

[Event "Monarch Assurance"]
[Site "Port Erin IOM"]
[Date "2004.10.02"]
[Round "8"]
[White "Ramesh,R"]
[Black "Rendle,T"]
[Result "1-0"]
[WhiteElo "2484"]
[BlackElo "2258"]

1.e4 e6 2.d4 d5 3.Nd2 Be7 4.Ngf3 Nf6 5.e5 Nfd7 6.Bd3 c5 7.c3 Nc6 8.O-O a5
9.Re1 cxd4 10.cxd4 Qb6 11.Nb1 Nxd4 12.Nxd4 Qxd4 13.Nc3 Qb6 14.Be3 d4 15.Na4 Qa7
16.Bf4 Nb8 17.Qg4 g5 18.Bd2 Bd7 19.b3 Nc6 20.a3 h5 21.Qe2 f5 22.exf6 Bxf6
23.Qe4 Ke7 24.Rac1 Ne5 25.Rc7 Kd6 26.Rxd7+ Kxd7 27.Bb5+ Ke7 28.Bxg5 Qb8 29.Bxf6+ Kxf6
30.Qf4+ Ke7 31.Rxe5 Qf8 32.Qe4  1-0

[Event "Monarch Assurance"]
[Site "Port Erin IOM"]
[Date "2004.10.02"]
[Round "8"]
[White "Holzke,F"]
[Black "Kiriakov,P"]
[Result "0-1"]
[WhiteElo "2492"]
[BlackElo "2555"]

1.e4 e6 2.d4 d5 3.Nd2 a6 4.Bd3 c5 5.dxc5 Bxc5 6.Ngf3 Nc6 7.a3 Nge7 8.b4 Ba7
9.Bb2 O-O 10.O-O Ng6 11.exd5 exd5 12.Bxg6 fxg6 13.Ne5 Nxe5 14.Bxe5 Bd7 15.Bd6 Rxf2
16.Rxf2 Bxf2+ 17.Kxf2 Qf6+ 18.Nf3 Qxd6 19.c4 Bc6 20.c5 Qf6 21.Qd4 Re8 22.Re1 Re4
23.Rxe4 dxe4 24.Qxf6 gxf6 25.Nd4 f5 26.Ke3 Kf7 27.g4 fxg4 28.Ne2 h5 29.Nc3 h4
30.a4 g3  0-1

[Event "Tch-FIN 2004-5"]
[Site "Finland FIN"]
[Date "2004.10.09"]
[Round "3"]
[White "Leino,J"]
[Black "Tolonen,M"]
[Result "1-0"]
[WhiteElo "2191"]
[BlackElo "2250"]

1.e4 e6 2.d4 d5 3.Nd2 Nc6 4.Ngf3 Nf6 5.e5 Nd7 6.c3 f6 7.Bb5 Be7 8.O-O O-O
9.Qe2 f5 10.c4 a6 11.Bxc6 bxc6 12.Nb3 a5 13.Qc2 a4 14.Nbd2 c5 15.cxd5 exd5
16.dxc5 Nxc5 17.Nd4 Ra6 18.N2f3 Bd7 19.Bf4 Ne4 20.e6 c5 21.exd7 cxd4 22.Qd3 Nc5
23.Qxd4 Qxd7 24.Rfd1 Rd8 25.Be5 Ne4 26.Rac1 Rc6 27.Qe3 Bc5 28.Bd4 Bxd4 29.Nxd4 Rdc8
30.Nxc6 Rxc6 31.Rxc6 Qxc6 32.Rc1 Qb7 33.Qd4 h6 34.h3 Kh7 35.Qe5 Qf7 36.Rc7 Qg6
37.Qxd5  1-0

[Event "Tch-FIN 2004-5"]
[Site "Finland FIN"]
[Date "2004.10.09"]
[Round "3"]
[White "Taivainen,J"]
[Black "Niemi,K"]
[Result "1-0"]
[WhiteElo "2248"]
[BlackElo "2209"]

1.e4 e6 2.d4 d5 3.Nd2 Be7 4.Ngf3 Nf6 5.Bd3 c5 6.dxc5 O-O 7.O-O a5 8.c4 Na6
9.e5 Nd7 10.cxd5 exd5 11.Re1 Ndxc5 12.Bb1 Bg4 13.h3 Bh5 14.Nf1 Bg6 15.Bxg6 fxg6
16.Be3 Nc7 17.Rc1 N7e6 18.Re2 Qd7 19.Rec2 b6 20.Ng3 Rad8 21.Nd4 Nf4 22.Rd2 Bh4
23.Nb3 Nxb3 24.Qxb3 b5 25.Rc5 Be7 26.Rc1 a4 27.Qd1 Qe6 28.Bd4 Bg5 29.Rdc2 Rc8
30.Rxc8 Rxc8 31.Rc2 Be7 32.Qc1 Rxc2 33.Qxc2 Qd7 34.Kh2 Ne6 35.Ne2 Qc7 36.Qxc7 Nxc7
37.Bb6 Na8 38.Ba5 Bc5 39.Kg3 b4 40.b3 axb3 41.axb3 Nb6 42.Bxb6 Bxb6 43.Nf4 Bd4
44.e6 Be5 45.Kf3 d4 46.Nd3 Bd6 47.Ke4 Kf8 48.Kxd4 Ke7 49.Kd5 g5 50.f3 h6
51.g4 g6 52.Ne5  1-0

[Event "TCh-BEL2 2004-5"]
[Site "Belgium BEL"]
[Date "2004.10.10"]
[Round "1"]
[White "Decrop,R"]
[Black "Van Herck,M"]
[Result "1/2-1/2"]
[WhiteElo "1971"]
[BlackElo "2202"]

1.e4 e6 2.d4 d5 3.Nd2 Nc6 4.e5 Nxd4 5.Ngf3 Nxf3+ 6.Nxf3 c5 7.c3 Ne7 8.Bd3 Nc6
9.O-O Be7 10.Bc2 Qc7 11.Re1 Bd7 12.Ng5 Nxe5 13.Bf4 Bd6 14.h4 Ng6 15.Bxd6 Qxd6
16.Qf3 Qe7 17.g3 h6 18.Nh3 Qf6 19.Qxd5 Bc6 20.Qf5 Qxf5 21.Bxf5 Ne7 22.Bg4 O-O-O
23.Rad1 Rxd1 24.Rxd1 Rd8 25.Nf4 Rxd1+ 26.Bxd1 b6 27.Nd3 Kc7 28.f4 f6 29.Kf2 Kd6
30.Bg4 e5 31.fxe5+ fxe5 32.Ne1 Nd5 33.Nc2 Nf6 34.Bf5 Bd5 35.a3 g5 36.Ne3 gxh4
37.gxh4 h5 38.Bg6 Be4 39.Bf7 Ke7 40.Bc4 Ng4+  1/2-1/2